00291nam a22001217a 4500020001800000040000900018082001900027100001300046245002400059250001700083260004500100650002400145 a9790321043466 cNust a621.433bCOH'O aH. Cohen aGas Turbine theory  a4th edition  aEngland:bAddison Wesley Longman,c1998. aGas Turbine theory